[Event "CZE-chT2E 2223"]
[Site "Czech Republic"]
[Date "2023.01.22"]
[Round "7.4"]
[White "Zdrazil, Jan"]
[Black "Gasa, Andrej"]
[Result "1-0"]
[WhiteElo "1993"]
[BlackElo "2150"]
[PlyCount "101"]
[EventDate "2022.10.16"]
[EventType "team-tourn"]
[EventRounds "11"]
[EventCountry "CZE"]
[SourceTitle "EXT 2024"]
[Source "ChessBase"]
[SourceDate "2023.10.10"]
[SourceVersion "1"]
[SourceVersionDate "2023.10.10"]
[SourceQuality "1"]
[WhiteTeam "Olomouc"]
[BlackTeam "Prusanky Podluzan"]
[WhiteTeamCountry "CZE"]
[BlackTeamCountry "CZE"]

1. e4 c5 2. Nf3 d6 3. d4 cxd4 4. Nxd4 Nf6 5. Nc3 a6 6. Bg5 e6 7. f4 h6 8. Bh4 Be7 9. Qf3 Nbd7 10. 0-0-0 Qc7 11. Be2 Rb8 12. Qg3 g5 13. fxg5 Rg8 14. Rhf1 Ne5 15. Nf3 Nxf3 16. Qxf3 hxg5 17. Bg3 Rg7 18. Bxd6 Bxd6 19. Qxf6 Rg6 20. Qh8+ Bf8 21. Bh5 Rg7 22. Rxf7 Rxf7 23. Rf1 b5 24. Rxf7 Qxf7 25. Bxf7+ Kxf7 26. Qe5 Rb7 27. Qxg5 Re7 28. Qh5+ Kg8 29. g3 b4 30. Ne2 e5 31. Qg5+ Kh7 32. Qh5+ Bh6+ 33. Kd1 Bd7 34. Nc1 Be8 35. Qh4 Rf7 36. Nd3 Bb5 37. Qh5 Rf1+ 38. Ke2 Rc1 39. Qf5+ Kg8 40. Qe6+ Kh7 41. Qf5+ Kg8 42. Qg6+ Bg7 43. Kd2 Rh1 44. Qh5 Rf1 45. Nxb4 Rf2+ 46. Ke3 Rf6 47. Nd3 Rh6 48. Qe2 Rd6 49. Kf2 Rd4 50. Kf3 Bh6 51. b3 1-0

[Event "SVK-chT 2122"]
[Site "Slovakia"]
[Date "2022.05.08"]
[Round "8.2"]
[White "Maslikova, Veronika"]
[Black "Gasa, Andrej"]
[Result "1-0"]
[WhiteElo "2230"]
[BlackElo "2201"]
[PlyCount "119"]
[EventDate "2021.10.23"]
[EventType "team-tourn"]
[EventRounds "11"]
[EventCountry "SVK"]
[SourceTitle "EXT 2023"]
[Source "ChessBase"]
[SourceDate "2022.10.05"]
[SourceVersion "1"]
[SourceVersionDate "2022.10.05"]
[SourceQuality "1"]
[WhiteTeam "Podhajska Aquamarin"]
[BlackTeam "Osuske"]
[WhiteTeamCountry "SVK"]
[BlackTeamCountry "SVK"]

1. e4 c5 2. Nf3 d6 3. d3 Nc6 4. g3 e5 5. Bg2 Be7 6. 0-0 Nf6 7. c3 h6 8. Qe2 Be6 9. a4 Qc8 10. Bd2 Bg4 11. Na3 0-0 12. Nc4 Be6 13. Rfc1 Qd7 14. b4 cxb4 15. cxb4 Bg4 16. Ne3 Bh5 17. Nf5 d5 18. b5 Nd4 19. N5xd4 dxe4 20. dxe4 exd4 21. e5 d3 22. Qe1 Nd5 23. Qe4 Bg6 24. Qd4 Rfd8 25. Nh4 Bxh4 26. Qxh4 Ne7 27. Bh3 Bf5 28. Bxf5 Nxf5 29. Qe4 Nd4 30. Rc4 Qd5 31. Qxd5 Rxd5 32. Kg2 Nb3 33. Rd1 Rxe5 34. Be3 Na5 35. Rd4 b6 36. R1xd3 Re7 37. Bd2 Nb7 38. Bb4 Rc7 39. Rd7 Rac8 40. R3d5 g6 41. Re7 Rxe7 42. Bxe7 Rc7 43. Bf6 g5 44. h4 gxh4 45. gxh4 Kh7 46. h5 Kg8 47. Rd4 Kf8 48. Be5 Rc5 49. Bb8 Rxh5 50. f4 Rc5 51. Bxa7 Rc2+ 52. Kg3 Ke7 53. Bxb6 Nd6 54. Kh3 Rc3+ 55. Kg2 f5 56. Ba5 Rc2+ 57. Kh3 Nc4 58. Bb4+ Ke6 59. b6 Ne3 60. Rd2 1-0

[Event "SVK-chT2A 1920"]
[Site "Slovakia"]
[Date "2019.10.27"]
[Round "2.1"]
[White "Sahidi, Samir"]
[Black "Gasa, Andrej"]
[Result "1-0"]
[WhiteElo "2377"]
[BlackElo "2221"]
[PlyCount "49"]
[EventDate "2019.10.26"]
[EventType "team-tourn"]
[EventRounds "11"]
[EventCountry "SVK"]
[SourceTitle "CBM 193 Extra"]
[Source "ChessBase"]
[SourceDate "2020.01.31"]
[SourceVersion "1"]
[SourceVersionDate "2020.01.31"]
[SourceQuality "1"]
[WhiteTeam "Cifer"]
[BlackTeam "Osuske II"]
[WhiteTeamCountry "SVK"]
[BlackTeamCountry "SVK"]

1. d4 Nf6 2. c4 e6 3. Nf3 d5 4. Nc3 Be7 5. Bf4 0-0 6. e3 a6 7. Rc1 Nbd7 8. c5 c6 9. h3 b6 10. b4 a5 11. a3 b5 12. Bd3 g6 13. 0-0 Nh5 14. Bh2 f5 15. Qb3 a4 16. Qc2 Bf6 17. Nxb5 cxb5 18. Bxb5 Ng7 19. c6 Nb6 20. c7 Qe7 21. Qc6 Bd7 22. Qxb6 Bxb5 23. Qxb5 g5 24. Qc5 Qd7 25. Qc6 1-0

[Event "SVK-chT 1819"]
[Site "Slovakia"]
[Date "2018.11.10"]
[Round "1.6"]
[White "Wiewiora, Eneasz"]
[Black "Gasa, Andrej"]
[Result "1-0"]
[WhiteElo "2347"]
[BlackElo "2288"]
[PlyCount "75"]
[EventDate "2018.11.10"]
[EventType "team-tourn"]
[EventRounds "11"]
[EventCountry "SVK"]
[SourceTitle "CBM 187 Extra"]
[Source "ChessBase"]
[SourceDate "2018.11.04"]
[SourceVersion "1"]
[SourceVersionDate "2018.11.04"]
[SourceQuality "1"]
[WhiteTeam "Dubnica nad Vahom"]
[BlackTeam "Osuske"]
[WhiteTeamCountry "SVK"]
[BlackTeamCountry "SVK"]

1. d4 Nf6 2. c4 e6 3. Nf3 d5 4. g3 Bb4+ 5. Bd2 Be7 6. Bg2 0-0 7. 0-0 Nbd7 8. Qc2 Ne4 9. Nc3 Ndf6 10. Rad1 c6 11. Ne5 Nd6 12. b3 Nd7 13. e4 dxe4 14. Nxe4 Nxe4 15. Qxe4 f5 16. Qe1 Nxe5 17. dxe5 Qc7 18. Ba5 Qb8 19. Rd3 b6 20. Bb4 c5 21. Bxa8 Qxa8 22. Bc3 g5 23. f3 h5 24. Qd2 Qc6 25. Rf2 Rf7 26. Kf1 b5 27. Ba5 bxc4 28. bxc4 Ba6 29. Qc3 g4 30. Bd8 Qa4 31. Rc2 Bf8 32. Bf6 gxf3 33. Rd8 Kh7 34. Kf2 Bb7 35. Rb2 Be4 36. Qd2 Qa3 37. Rxf8 Rxf8 38. Qd7+ 1-0

[Event "SVK-chT 1718"]
[Site "Slovakia"]
[Date "2018.03.03"]
[Round "10.6"]
[White "Hrabusa, Matej"]
[Black "Gasa, Andrej"]
[Result "1-0"]
[WhiteElo "2359"]
[BlackElo "2259"]
[PlyCount "97"]
[EventDate "2017.09.30"]
[EventType "team-tourn"]
[EventRounds "11"]
[EventCountry "SVK"]
[SourceTitle "EXT 2019"]
[Source "ChessBase"]
[SourceDate "2018.10.10"]
[SourceVersion "1"]
[SourceVersionDate "2018.10.10"]
[SourceQuality "1"]
[WhiteTeam "Liptov Chess School"]
[BlackTeam "Osuske"]
[WhiteTeamCountry "SVK"]
[BlackTeamCountry "SVK"]

1. d4 Nf6 2. Bg5 Ne4 3. Bf4 d5 4. e3 c6 5. Bd3 Nf6 6. c4 e6 7. Nf3 Bb4+ 8. Nbd2 Nbd7 9. 0-0 0-0 10. a3 Ba5 11. b4 Bc7 12. c5 Re8 13. Ne5 Nxe5 14. Bxe5 Bxe5 15. dxe5 Nd7 16. f4 f5 17. Nb3 b6 18. Qc2 Bb7 19. Rab1 Rc8 20. Nd4 Qe7 21. Nxe6 Qxe6 22. Bxf5 Qe7 23. Bxh7+ Kf8 24. Rf3 Qe6 25. Bf5 Qf7 26. Rh3 Re6 27. Bxe6 Qxe6 28. Qh7 Re8 29. Rh5 Nf6 30. Rf5 Bc8 31. e4 Qxf5 32. Qh8+ Kf7 33. Qxe8+ Nxe8 34. exf5 Bxf5 35. cxb6 axb6 36. Rc1 Bd7 37. g4 Ke6 38. h4 d4 39. Re1 Kd5 40. f5 c5 41. bxc5 bxc5 42. h5 Ba4 43. g5 Bc2 44. f6 Ke6 45. Rf1 gxf6 46. exf6 Nd6 47. g6 Nf7 48. Re1+ Kxf6 49. Rf1+ 1-0

[Event "SVK-chT3A2 1718"]
[Site "Slovakia"]
[Date "2018.01.21"]
[Round "8.6"]
[White "Gasa, Andrej"]
[Black "Sefcik, Marek"]
[Result "1-0"]
[WhiteElo "2259"]
[BlackElo "1998"]
[PlyCount "117"]
[EventDate "2017.10.08"]
[EventType "team-tourn"]
[EventRounds "11"]
[EventCountry "SVK"]
[SourceTitle "EXT 2020"]
[Source "ChessBase"]
[SourceDate "2019.10.17"]
[SourceVersion "1"]
[SourceVersionDate "2019.10.17"]
[SourceQuality "1"]
[WhiteTeam "Senica SK"]
[BlackTeam "Holic"]
[WhiteTeamCountry "SVK"]
[BlackTeamCountry "SVK"]

1. e4 c5 2. Nf3 e6 3. d4 cxd4 4. Nxd4 Bc5 5. Nb3 Bb6 6. c4 Ne7 7. Nc3 0-0 8. Be2 Nbc6 9. Bf4 f5 10. Bd6 fxe4 11. Nxe4 Bc7 12. 0-0 Bxd6 13. Nxd6 Nf5 14. Qd2 Nxd6 15. Qxd6 Qe7 16. Rad1 Rf7 17. Rd2 Qxd6 18. Rxd6 Rb8 19. Rfd1 b6 20. g3 g5 21. Bh5 Re7 22. Nd2 Ne5 23. Re1 Nf7 24. Bxf7+ Rxf7 25. Re5 h6 26. c5 bxc5 27. Rxc5 Rf8 28. b3 Kf7 29. Rd4 Ke7 30. h4 Rf5 31. Rc7 a6 32. Nc4 Rd5 33. Rxd5 exd5 34. Ne3 Kd6 35. Rc2 gxh4 36. Nf5+ Ke5 37. Nxh4 Bb7 38. Kf1 Bc6 39. Ke2 Rg8 40. Nf3+ Ke4 41. Nd2+ Kd4 42. Nf3+ Ke4 43. a4 Rf8 44. Rc3 Rf6 45. Re3+ Kf5 46. Nd4+ Kg6 47. Re7 Rf7 48. Rxf7 Kxf7 49. a5 Kf6 50. Ke3 Bb7 51. Kf4 h5 52. b4 Bc6 53. Ke3 Ke5 54. f4+ Kf6 55. Kf3 Bb7 56. Kg2 d6 57. Kh3 Bc8+ 58. Kh4 Bg4 59. b5 1-0

[Event "CZE-chT2E 1718"]
[Site "Czech Republic"]
[Date "2018.01.14"]
[Round "6.1"]
[White "Zpevak, Pavel"]
[Black "Gasa, Andrej"]
[Result "1/2-1/2"]
[WhiteElo "2342"]
[BlackElo "2259"]
[PlyCount "45"]
[EventDate "2017.10.15"]
[EventType "team-tourn"]
[EventRounds "11"]
[EventCountry "CZE"]
[SourceTitle "EXT 2022"]
[Source "ChessBase"]
[SourceDate "2021.10.06"]
[SourceVersion "1"]
[SourceVersionDate "2021.10.06"]
[SourceQuality "1"]
[WhiteTeam "Vlcnov"]
[BlackTeam "Prusanky Podluzan"]
[WhiteTeamCountry "CZE"]
[BlackTeamCountry "CZE"]

1. d4 Nf6 2. c4 e6 3. Nf3 b6 4. Nc3 Bb7 5. Bg5 Be7 6. e3 0-0 7. Bd3 d5 8. Bxf6 Bxf6 9. cxd5 exd5 10. b4 h6 11. 0-0 c5 12. bxc5 bxc5 13. Rb1 Bc6 14. Bb5 a6 15. Ba4 Qc7 16. Bxc6 Qxc6 17. Qb3 cxd4 18. Nxd4 Bxd4 19. exd4 Rd8 20. Rfe1 Qc4 21. Qxc4 dxc4 22. d5 Nd7 23. Rb4 1/2-1/2

[Event "SVK-chT 1718"]
[Site "Slovakia"]
[Date "2017.12.09"]
[Round "5.5"]
[White "Zvarik, Martin"]
[Black "Gasa, Andrej"]
[Result "1-0"]
[WhiteElo "2237"]
[BlackElo "2259"]
[PlyCount "123"]
[EventDate "2017.09.30"]
[EventType "team-tourn"]
[EventRounds "11"]
[EventCountry "SVK"]
[SourceTitle "EXT 2019"]
[Source "ChessBase"]
[SourceDate "2018.10.10"]
[SourceVersion "1"]
[SourceVersionDate "2018.10.10"]
[SourceQuality "1"]
[WhiteTeam "Dubnica nad Vahom"]
[BlackTeam "Osuske"]
[WhiteTeamCountry "SVK"]
[BlackTeamCountry "SVK"]

1. d4 Nf6 2. Bg5 Ne4 3. Bh4 d5 4. f3 Nf6 5. Nd2 e6 6. c3 Be7 7. e4 a6 8. Bd3 c5 9. dxc5 dxe4 10. Bxf6 gxf6 11. Nxe4 f5 12. Qa4+ Nc6 13. Nd6+ Bxd6 14. cxd6 Qxd6 15. 0-0-0 Qe7 16. Nh3 Bd7 17. Rhe1 Qf6 18. Qf4 0-0-0 19. g4 Qh4 20. Ng5 Be8 21. Nxe6 fxe6 22. Rxe6 Rf8 23. Bxf5 Rxf5 24. Qxf5 Bd7 25. Qf6 Qxh2 26. Red6 Qe2 27. R1d2 Qe3 28. Qf7 Nb8 29. R6d3 Qh6 30. f4 Rf8 31. Qc4+ Qc6 32. Qb4 Re8 33. f5 Qa4 34. Qxa4 Bxa4 35. Rh2 Re1+ 36. Kd2 Rd1+ 37. Ke3 Re1+ 38. Kf4 Re7 39. Rdh3 Bc6 40. Rxh7 Re4+ 41. Kg5 Nd7 42. Rg7 Re8 43. Rh6 Nc5 44. Kh4 Ne4 45. Rgh7 Kd8 46. Rh8 Bd5 47. Rxe8+ Kxe8 48. g5 Kf7 49. Rh7+ Kg8 50. Rd7 Bc6 51. Rd8+ Kg7 52. Kg4 Nf2+ 53. Kg3 Ne4+ 54. Kf4 Nf2 55. Rc8 Nd3+ 56. Ke3 Ne5 57. Rc7+ Kf8 58. b3 Nf7 59. Kf4 Nd6 60. g6 Ne8 61. Rf7+ Kg8 62. Ke5 1-0

[Event "Senica IM"]
[Site "Senica"]
[Date "2017.05.13"]
[Round "8"]
[White "Kostolansky, Sebastian Lukas"]
[Black "Gasa, Andrej"]
[Result "1-0"]
[WhiteElo "2154"]
[BlackElo "2286"]
[PlyCount "53"]
[EventDate "2017.05.08"]
[EventType "tourn"]
[EventRounds "9"]
[EventCountry "SVK"]
[EventCategory "1"]
[SourceTitle "CBM 178 Extra"]
[Source "ChessBase"]
[SourceDate "2017.06.22"]
[SourceVersion "1"]
[SourceVersionDate "2017.06.22"]
[SourceQuality "1"]

1. e4 c5 2. Nf3 Nf6 3. e5 Nd5 4. d4 cxd4 5. c3 Nc6 6. cxd4 e6 7. Nc3 Nxc3 8. bxc3 d6 9. exd6 Bxd6 10. Bd3 h6 11. 0-0 0-0 12. Re1 Re8 13. Ne5 Qc7 14. Qe2 Nxe5 15. dxe5 Bf8 16. c4 Bd7 17. Qe4 g6 18. Qh4 Bg7 19. Bxh6 Bxe5 20. Rab1 Bc6 21. Re3 Rad8 22. Rh3 Rd4 23. f4 Bg7 24. Bxg7 Kxg7 25. Qh6+ Kf6 26. Bxg6 fxg6 27. Qh4+ 1-0